| 000 | 00880nac a22002531i 4500 | ||
|---|---|---|---|
| 003 | EG-ScBUE | ||
| 005 | 20230810112047.0 | ||
| 008 | 230810t1995 iauab f 000 0 eng d | ||
| 020 | _a0697263096 | ||
| 020 | _a9780697263094 | ||
| 040 |
_aEG-ScBUE _beng _erda _cEG-ScBUE _dEG-ScBUE |
||
| 082 | 0 | 4 |
_a910.02 _bBRA _222 |
| 100 | 1 |
_aBradshaw, Michael J. _q(Michael John), _d1935- _eauthor. |
|
| 245 | 1 | 0 |
_aStudent study map/art notebook : _bfoundations of physical geography / _cMichael Bradshaw, Ruth Weaver. |
| 264 | 1 |
_aDubuque, IA : _bWm. C. Brown Communications, Inc., _c[1995] |
|
| 264 | 4 | _cc1995 | |
| 300 |
_a106 pages : _billustrations (some color), color maps ; _c28 cm |
||
| 336 |
_2rdacontent _atext _btxt |
||
| 337 |
_2rdamedia _aunmediated _bn |
||
| 338 |
_2rdacarrier _avolume _bnc |
||
| 650 | 7 |
_aPhysical geography. _2BUEsh |
|
| 655 | _vReading book | ||
| 942 |
_cBB _2ddc |
||
| 999 |
_c4075 _d4075 |
||